Introducción al existencialismo
Sparad:
| Huvudupphovsman: | |
|---|---|
| Materialtyp: | Bok |
| Språk: | Undetermined |
| Publicerad: |
Santiago, Chile
Del Pacífico
1948
|
| Ämnen: | |
| Taggar: |
Lägg till en tagg
Inga taggar, Lägg till första taggen!
|
MARC
| LEADER | 00000nam a2200000Ia 4500 | ||
|---|---|---|---|
| 008 | 170316s9999 xx 000 0 und d | ||
| 090 | |a 100 V-20i | ||
| 100 | |a Vives Estevez, Francisco | ||
| 245 | |a Introducción al existencialismo | ||
| 260 | |a Santiago, Chile | ||
| 260 | |b Del Pacífico | ||
| 260 | |c 1948 | ||
| 300 | |a 77 páginas | ||
| 650 | |a FILOSOFÍA | ||
| 999 | |c 17855 |d 17855 | ||
| 040 | |a cru BVZT | ||
| 942 | |c 15 D |h 100 V-20i |2 z | ||
